Birds in spring
| Main Author: | |
|---|---|
| Format: | Book |
| Published: |
New York :
Gareth Stevens Publishing ,
2017
|
| Series: | We love spring!
|
| Subjects: |
MARC
| LEADER | 00000cam a2200000 7i4500 | ||
|---|---|---|---|
| 001 | 0000213541 | ||
| 005 | 20171102.0 | ||
| 020 | |a 9781482454871 | ||
| 090 | 0 | 0 | |a JF |b HEN |
| 100 | 1 | |a Henshaw, Lorne | |
| 245 | 1 | 0 | |a Birds in spring |c Lorne Henshaw |
| 260 | |a New York : |b Gareth Stevens Publishing , |c 2017 | ||
| 300 | |a 24p. ; |c 19cm. | ||
| 490 | 0 | |a We love spring! | |
| 650 | 0 | |a Birds | |
| 650 | 0 | |a Children's stories | |
| 999 | |a 00346947 |b BUKU |c PINJAMAN |e PERPUSTAKAAN KOMUNITI CAW BANDAR UTAMA | ||